| 000 | 00967nam0a22002771 4500 | ||
|---|---|---|---|
| 001 | rc\4576976 | ||
| 005 | 20130416190817.7 | ||
| 021 |
_aRU _b[68-47890] |
||
| 035 | _a(NLR Aleph) 008654963 | ||
| 090 |
_a9025576 _c9025576 |
||
| 100 | _a20130416d1968 |||y0rusy50 ca | ||
| 101 | 0 | _arus | |
| 102 | _aRU | ||
| 105 | _aa z ||||| | ||
| 200 | 1 |
_aИз окна троллейбуса _eПутеводитель по горной троллейбусной трассе Симферополь - Ялта |
|
| 205 | _a[2-е изд., испр., доп.] | ||
| 210 |
_aСимферополь _cКрым _d1968 |
||
| 215 |
_a80 с. _cил. _d17 |
||
| 300 | _aНа обл. авт. не указан | ||
| 607 |
_aКрымская область _jПутеводители _2psbo |
||
| 700 | 1 |
_aМахнева _bВ. А. _gВалентина Алексеевна |
|
| 801 | 0 |
_aRU _bNLR _gpsbo |
|
| 801 | 1 |
_aRU _bELAR _2rusmarc |
|
| 852 |
_aNLR _j68-2/1849 |
||
| 942 | _cBOOK | ||
| 980 | _aNB | ||